| 000 | 00903nas a2200253 i 4500 | ||
|---|---|---|---|
| 001 | 1636 | ||
| 003 | ES-MaACL | ||
| 005 | 20250217134313.0 | ||
| 007 | t| | ||
| 008 | 950801d19441956sp m| | 1 ||pa d | ||
| 080 | _a460 | ||
| 245 | 0 | 0 |
_aPiel _b: revista española de la industria de la piel. |
| 260 |
_aMadrid : _bSindicato Vertical de la Piel, _c1944-1956. |
||
| 300 |
_a14 v. ; _c35 cm. |
||
| 310 | _aMensual | ||
| 362 | 0 | _aAño I, nº 1 (ene. 1944)-año XII, nº 149-150 (jul.-ag. 1956) | |
| 500 | _aLos años 1950-51 figuran con el mismo año (VII) | ||
| 555 | _aIndice de materias 1944-48 encuadernado con el año 1948. | ||
| 650 | 1 | 4 |
_aIndustrias y profesiones varias _913745 |
| 710 | 2 |
_aSindicato Vertical de la Piel. _96617 |
|
| 852 |
_aES-MaACL _jHEM-H-113 _xHem-1148 _d |
||
| 866 | 0 | _o1944(1945 f.n15-18)1946-53(1954 f.n119)(1955 f.n138-139)1956 | |
| 999 |
_c1636 _d1636 |
||